| 000 | 00539nam a2200169Ia 4500 | ||
|---|---|---|---|
| 008 | 151213s9999 xx 000 0 und d | ||
| 020 | _a0-582-78-090-X | ||
| 100 | _aBernard Shaw ( ed, Notes by Bruce king) | ||
| 245 |
_aArms and The Man _cBernard Shaw ( ed, Notes by Bruce king) |
||
| 250 | _a1st | ||
| 260 |
_aLondon _bLongman York Press _c1980 |
||
| 300 | _a4888 p. | ||
| 650 | _aEnglish Literature | ||
| 650 | _aEnglish Literature | ||
| 700 | _aBernard Shaw ( ed, Notes by Bruce king) | ||
| 999 |
_c3071 _d3071 |
||